Direct Flights from Belgium - Statistics

General Stats
  • This quiz has been taken 241 times
    184 since last reset
  • The average score is 64 of 74
Answers on the Map
Answers color-coded by a green-red scale on the quiz's map according to % correct below.
 
Answer Stats
Answer % Correct
Denmark
100%
Finland
100%
France
100%
Iceland
100%
Ireland
100%
Netherlands
100%
Norway
100%
Spain
100%
Sweden
100%
United Kingdom
100%
Canada
99%
Germany
99%
Greece
99%
Italy
99%
Portugal
99%
Switzerland
99%
Turkey
99%
United States
99%
Albania
98%
Austria
98%
Bosnia and Herzegovina
98%
Bulgaria
98%
Croatia
98%
Czechia
98%
Estonia
98%
Hungary
98%
Japan
98%
Lithuania
98%
Mexico
98%
Poland
98%
Egypt
97%
Morocco
97%
Serbia
97%
Slovenia
97%
China
96%
Romania
96%
Slovakia
96%
Algeria
95%
Kosovo
95%
Latvia
95%
Tunisia
94%
Montenegro
93%
North Macedonia
92%
United Arab Emirates
92%
Israel
90%
South Africa
90%
Cyprus
88%
Democratic republic of the Congo
88%
Moldova
88%
Ethiopia
86%
Qatar
86%
Malta
85%
Jordan
83%
Armenia
81%
Cuba
81%
Georgia
80%
Dominican Republic
79%
Ghana
75%
Senegal
74%
Lebanon
71%
Ivory Coast
68%
Cape Verde
63%
Cameroon
61%
Angola
60%
Rwanda
58%
Jamaica
57%
Uganda
55%
Benin
54%
Liberia
54%
Gambia
50%
Mauritius
50%
Burundi
49%
Sierra Leone
49%
Burkina Faso
42%
No matching quizzes found
Score Distribution
Percent of People with Each Score
Percentile by Number Answered
Your Score History
You have not taken this quiz since the last reset